Finance a úvěr Czech Journal of Economics and Finance

Časopis je zameraný na makroekonomickú tvorbu vo verejnom a súkromnom sektore, menovú ekonomiku, verejné financie, finančnú a medzinárodnú ekonomiku a všetky oblasti modernej ekonómie.

Gespeichert in:
Bibliographische Detailangaben
Format: Schriftenreihe
Sprache:Englisch
Veröffentlicht: Praha UK Praha, Fakulta sociálních věd
Schlagworte:
Tags: Tag hinzufügen
Keine Tags, Fügen Sie das erste Tag hinzu!

MARC

LEADER 00000nas1a2200000 4500
001 0229188
005 20260112092253.9
022 |a 2464-7683 
022 |a 0015-1920 
041 0 |a eng 
044 |a CZ 
245 1 0 |a Finance a úvěr  |b Czech Journal of Economics and Finance 
264 1 |a Praha  |b UK Praha, Fakulta sociálních věd 
500 |a Abstrakty článkov sú súčasťou databázy EconLit a vychádzajú ako súčasť časopisu Journal of economic literature 
520 |a Časopis je zameraný na makroekonomickú tvorbu vo verejnom a súkromnom sektore, menovú ekonomiku, verejné financie, finančnú a medzinárodnú ekonomiku a všetky oblasti modernej ekonómie. 
610 2 0 |a financie verejné 
610 2 0 |a financie medzinárodné 
610 2 0 |a politika finančná 
610 2 0 |a úver 
610 2 0 |a financovanie 
610 2 0 |a ukazovatele makroekonomické 
610 2 0 |a ekonómia